00965nam a22002295a 4500952015500000999001700155001000600172003000400178005001700182008004100199020002400240040000900264082002200273100002300295245013100318260004100449300000900490504005100499740009000550906004500640942005000685 00102ddc40708SOCIAL SCIENCEaMESbMEScSOCIAL SCIENCEd2019-02-20g295.00l0o305.420954 KUM/Hp29157r2019-02-20 00:00:00w2019-02-20yBKzGL50R5 c21001d2100151496OSt20200612152716.0930917s1993 ii b 001 0 eng  a085107769cRs350.00 coclc a305.420954bKUM/H aKumar, Radha9285914aThe history of doing :ban illustrated account of movements for women's rights and feminism in India, 1800-1990 /cRadha Kumar aNew Delhi :bKali for Women,cc1993. a203p aIncludes bibliographical references and index.0 aIllustrated account of movements for women's rights and feminism in India, 1800-1990. a7bibccorignewd3encipf19gy-gencatlg 2ddccBKh305.420954iKUM/Hk305.420954mKUM/H